| 000 | 00436 a2200133 4500 | ||
|---|---|---|---|
| 001 | 91945 | ||
| 082 | _aPR 1750 | ||
| 090 |
_c43892 _d43891 |
||
| 100 | _aShair Afgan; Prof Abdul Mateen and Kashif Butt, Advisors | ||
| 245 |
_aDesign and Simulation of YLC-2 Radar Receiver and carryout Feafibility study for its testing and fabrication _n65 "B" EC |
||
| 260 |
_aRawalpindi _bNUST _c2008 |
||
| 300 | _a115p | ||
| 500 | _aBE Project Reports | ||
| 942 |
_aCAE NUST _kPR 1750 |
||
| 999 |
_c327018 _d327018 |
||